000 01002nam a22003017a 4500
003 CHAP
005 20220329140637.0
008 971013s1972 r 00010 d
010 _a55238
011 _a56210
035 _a60363
040 _cCHAP
090 _aFolleto 2372
100 0 0 _aSilverborg, Savel B.
_9106087
245 _aDurabilidad relativa de la parte central, media y externa del tronco de 32 maderas de los llanos occidentales
260 _aMérida, Venezuela :
_bLaboratorio Nacional de Productos Forestales,
_c1972
300 _a9 h.
590 _aBATCH-UPD
_b10
_c20130110
_lUCH01
_h0434
590 _aBATCH-UPD
_b10
_c20130410
_lUCH01
_h0110
590 _aBATCH-UPD
_b10
_c20130914
_lUCH01
_h1738
590 _aCONVERSION
_b10
_c20130109
_lUCH01
_h1330
650 1 4 _aMadera
_xHongos.
_969608
650 1 4 _aMadera
_xPropiedades y usos.
_969621
700 0 _aMayorca, Lérida de.
_973270
901 _aBK
942 _cFOLL
949 _aFolleto 2372
_bBC
_cFOLL
_d-130156
_eTS1
_i60363
_si
999 _c55238
_d55238